000 01816cam a2200157 4500500
005 20260329000520.0
041 _afre
042 _adc
100 1 0 _aSebillotte Cuchet, Violaine
_eauthor
700 1 0 _aBoehringer, Sandra
_eauthor
700 1 0 _aSebillotte-Cuchet, Violaine
_eauthor
245 0 0 _aHommes et femmes dans l'Antiquité grecque et romaine
260 _bArmand Colin,
_c2024.
520 _aPeut-on porter un regard neuf sur l’Antiquité ? C’est ce que montre cet ouvrage qui propose une analyse originale des sources classiques à travers la question essentielle du genre et de la sexualité.Ce volume propose un voyage dans le monde gréco-romain à travers une soixantaine de documents commentés et pose un regard différent sur les grandes figures historiques ou mythiques de l’Antiquité et plus généralement sur les hommes et les femmes du temps, leurs actions et leurs fonctions. Cette approche inédite révèle une société autrement subtile que celle que nous a léguée l’imagerie traditionnelle et démontre que le genre comme méthode d’analyse permet une extension du domaine de l’histoire.Une équipe des meilleurs spécialistes de la période nous offre une vision unique de la société antique en convoquant les plus grands auteurs et des sources de nature variée (poésie, théâtre, histoire, discours d’orateurs, images, inscriptions, etc.). Mêlant réflexion innovante et démarche méthodologique, cette synthèse des travaux récents sur la question fournit à l’étudiant, mais aussi à l’enseignant, un remarquable outil de travail, qui donne un nouveau souffle à la réflexion historienne.
856 4 1 _uhttps://shs.cairn.info/hommes-et-femmes-dans-l-antiquite-grecque-et-romaine--9782200639532?lang=fr&redirect-ssocas=7080
999 _c1796391
_d1796391